00679nam a22001697a 4500020001800000082001400018100002300032245005100055250001200106260002900118300003500147500006400182650007700246942000700323999001700330952016200347 a9788131708156 a621.31042 aWildi, Théodore. aElectrical machines, drives, and power systems a6th ed. aNew DelhibPearsonc2006 axxiii, 934 p.bill. ; e25 cm. aIncludes bibliographical references (p. 907-912) and index. a1. Electric machinery. 2. Electric power systems. 3. Electric driving. cBK c12059d12059 001040708NFICaCLbCLcGENd2013-07-03eProgressive International Agenciesg1284.00l6o621.31042 WILpSEECS012559r2019-11-11s2019-10-11w2013-07-15yBK